[Event "Regionalliga Nord-West 1819"]
[Site "Bayern"]
[Date "2018.10.21"]
[Round "1.8"]
[White "Chen, Jiuli"]
[Black "Deml, Tilo"]
[Result "1/2-1/2"]
[WhiteElo "1685"]
[BlackElo "1877"]
[PlyCount "75"]
[EventDate "2018.10.21"]
[EventType "team-tourn"]
[EventRounds "9"]
[EventCountry "GER"]
[SourceTitle "EXT 2022"]
[Source "ChessBase"]
[SourceDate "2021.10.06"]
[SourceVersion "1"]
[SourceVersionDate "2021.10.06"]
[SourceQuality "1"]
[WhiteTeam "Wuerzburg II"]
[BlackTeam "Marktleuthen"]
[WhiteTeamCountry "GER"]
[BlackTeamCountry "GER"]

1. Nf3 Nf6 2. d4 g6 3. c4 Bg7 4. Nc3 0-0 5. e4 d6 6. h3 e5 7. d5 Nbd7 8. Qc2 a5 9. Bg5 h6 10. Be3 Nh5 11. Qd2 Kh7 12. g4 Nf4 13. Bxf4 exf4 14. Qxf4 Nc5 15. Kd2 Qe7 16. Re1 Re8 17. Bd3 Bd7 18. Kc2 Rab8 19. Nb5 Bxb5 20. cxb5 Nxd3 21. Kxd3 Bxb2 22. Re2 Ba3 23. g5 Qd7 24. Rb1 h5 25. Rb3 Bb4 26. a4 Re7 27. h4 c6 28. Nd4 c5 29. Nc2 c4+ 30. Kxc4 Qc7+ 31. Kd3 Rc8 32. Ne3 Qc1 33. Qf6 Rec7 34. Rc2 Qe1 35. b6 Rxc2 36. Qxf7+ Kh8 37. Qf6+ Kh7 38. Qf7+ 1/2-1/2

[Event "Regionalliga NW 1516"]
[Site "Bayern"]
[Date "2015.10.25"]
[Round "2.8"]
[White "Von Lossow, Marcus"]
[Black "Deml, Tilo"]
[Result "0-1"]
[WhiteElo "1690"]
[BlackElo "1878"]
[PlyCount "80"]
[EventDate "2015.10.11"]
[EventType "team-tourn"]
[EventRounds "9"]
[EventCountry "GER"]
[SourceTitle "EXT 2018"]
[Source "ChessBase"]
[SourceDate "2017.10.13"]
[SourceVersion "1"]
[SourceVersionDate "2017.10.13"]
[SourceQuality "1"]
[WhiteTeam "Hof PTSV"]
[BlackTeam "Marktleuthen"]
[WhiteTeamCountry "GER"]
[BlackTeamCountry "GER"]

1. e4 e6 2. d4 d5 3. exd5 exd5 4. Bd3 Nc6 5. c3 Bd6 6. Nf3 Nge7 7. Bg5 f6 8. Bh4 Nf5 9. Nbd2 Qe7+ 10. Qe2 Qxe2+ 11. Bxe2 Bd7 12. 0-0 Nce7 13. b3 0-0-0 14. Bd3 Ng6 15. Bg3 Nf4 16. Bxf4 Bxf4 17. Rfe1 g5 18. Nf1 g4 19. N3d2 h5 20. Ne3 Nd6 21. a4 h4 22. Ndf1 c6 23. Ra2 f5 24. c4 Ne4 25. cxd5 g3 26. Bxe4 gxh2+ 27. Nxh2 fxe4 28. dxc6 Bxc6 29. Rd1 Rhg8 30. Nf5 Rde8 31. d5 Bd7 32. Rc2+ Kb8 33. Ne3 Rg6 34. Nef1 Reg8 35. Ne3 Bh3 36. Rdc1 Bxg2 37. Neg4 Bf3 38. Nxf3 exf3 39. Kh1 Bxc1 40. Rxc1 Rxg4 0-1

[Event "Forchheim op-B 14th"]
[Site "Forchheim"]
[Date "2015.10.03"]
[Round "3"]
[White "Deml, Tilo"]
[Black "Paeslack, Luis"]
[Result "1-0"]
[WhiteElo "1890"]
[BlackElo "1733"]
[PlyCount "67"]
[EventDate "2015.10.02"]
[EventType "swiss"]
[EventRounds "5"]
[EventCountry "GER"]
[SourceTitle "EXT 2019"]
[Source "ChessBase"]
[SourceDate "2018.10.10"]
[SourceVersion "1"]
[SourceVersionDate "2018.10.10"]
[SourceQuality "1"]

1. c4 Nf6 2. g3 e5 3. Bg2 Nc6 4. Nc3 d6 5. d3 Be7 6. e4 0-0 7. Nge2 Be6 8. h3 h6 9. Be3 Nh7 10. Nd5 Qd7 11. f4 f5 12. exf5 Bxf5 13. Nxe7+ Qxe7 14. 0-0 Rae8 15. Nc3 exf4 16. Bxf4 Qf6 17. Nb5 a6 18. Nxc7 Qd4+ 19. Kh1 Rc8 20. Bd5+ Kh8 21. Bxd6 Rf6 22. Rxf5 Rxf5 23. Ne6 Qf6 24. Bf4 Nf8 25. Nc5 Ng6 26. Ne4 Qf8 27. Bd6 Qe8 28. Qg4 Rxd5 29. cxd5 Nce5 30. Bxe5 Nxe5 31. Qf5 Rd8 32. Nc3 b5 33. Re1 Qg8 34. Qxe5 1-0

[Event "Regionalliga NW 1314"]
[Site "Bayern"]
[Date "2013.12.15"]
[Round "4.4"]
[White "Deml, Tilo"]
[Black "Schmitt, Gunther"]
[Result "1/2-1/2"]
[WhiteElo "1914"]
[BlackElo "1946"]
[PlyCount "38"]
[EventDate "2013.10.13"]
[EventType "team-tourn"]
[EventRounds "9"]
[EventCountry "GER"]
[SourceTitle "EXT 2015"]
[Source "ChessBase"]
[SourceDate "2014.11.20"]
[SourceVersion "1"]
[SourceVersionDate "2014.11.20"]
[SourceQuality "1"]
[WhiteTeam "Marktleuthen"]
[BlackTeam "Rottendorf"]
[WhiteTeamCountry "GER"]
[BlackTeamCountry "GER"]

1. e4 c5 2. Nf3 d6 3. d4 cxd4 4. Nxd4 Nf6 5. Nc3 a6 6. Be2 e5 7. Nb3 Be6 8. Bf3 Nbd7 9. Be3 Be7 10. g4 h6 11. h4 Nb6 12. Qe2 Nc4 13. Nd5 Bxd5 14. exd5 Rc8 15. 0-0-0 Nd7 16. g5 Nxe3 17. fxe3 hxg5 18. h5 Qc7 19. Be4 Nc5 1/2-1/2

[Event "Regionalliga NW 1213"]
[Site "Bayern"]
[Date "2013.03.17"]
[Round "8.7"]
[White "Deml, Tilo"]
[Black "Malzer, Werner"]
[Result "1-0"]
[WhiteElo "1935"]
[BlackElo "1823"]
[PlyCount "85"]
[EventDate "2012.10.14"]
[EventType "team-tourn"]
[EventRounds "9"]
[EventCountry "GER"]
[SourceTitle "EXT 2015"]
[Source "ChessBase"]
[SourceDate "2014.11.20"]
[SourceVersion "1"]
[SourceVersionDate "2014.11.20"]
[SourceQuality "1"]
[WhiteTeam "Marktleuthen"]
[BlackTeam "Kirchenlaibach"]
[WhiteTeamCountry "GER"]
[BlackTeamCountry "GER"]

1. c4 e5 2. Nc3 Nf6 3. g3 Nc6 4. Bg2 Be7 5. d3 Rb8 6. e4 0-0 7. f4 a6 8. Nf3 d6 9. h3 exf4 10. gxf4 Nh5 11. 0-0 f5 12. Ng5 Nf6 13. Be3 h6 14. Nf3 Be6 15. b3 Qc8 16. e5 Nd7 17. d4 dxe5 18. d5 Bc5 19. Bxc5 Nxc5 20. dxc6 e4 21. Ne5 Qe8 22. Qd4 Nd3 23. Nxd3 Rd8 24. Qe5 Rxd3 25. Nd5 Bxd5 26. Qxe8 Rxe8 27. cxd5 Rxd5 28. cxb7 Rb8 29. Rfd1 Rc5 30. Rac1 Rxc1 31. Rxc1 Rxb7 32. Rc5 g6 33. Bf1 Ra7 34. Ra5 Kg7 35. Rxa6 Rb7 36. h4 Rb6 37. Rxb6 cxb6 38. Kf2 g5 39. hxg5 hxg5 40. Ke3 g4 41. a4 Kf6 42. Ba6 g3 43. Bc8 1-0

[Event "Landesliga Nord 0405"]
[Site "Bayern"]
[Date "2004.12.12"]
[Round "4.8"]
[White "Voelker, Sebastian"]
[Black "Deml, Tilo"]
[Result "1-0"]
[WhiteElo "1989"]
[BlackElo "1993"]
[PlyCount "43"]
[EventDate "2004.10.24"]
[EventType "team-tourn"]
[EventRounds "9"]
[EventCountry "GER"]
[SourceTitle "EXT 2008"]
[Source "ChessBase"]
[SourceDate "2007.11.25"]
[SourceVersion "1"]
[SourceVersionDate "2007.11.25"]
[SourceQuality "1"]
[WhiteTeam "Bindlach II"]
[BlackTeam "Marktleuthen"]
[WhiteTeamCountry "GER"]
[BlackTeamCountry "GER"]

1. e4 e5 2. Nf3 d6 3. Bc4 Be7 4. 0-0 Nf6 5. d3 0-0 6. c3 c6 7. Bb3 Nbd7 8. Re1 Qc7 9. d4 h6 10. Nbd2 Re8 11. Nf1 Bf8 12. Ng3 g6 13. Nh4 Kg7 14. Qf3 c5 15. Nhf5+ gxf5 16. Nxf5+ Kh7 17. Bxf7 exd4 18. Nxh6 Ne5 19. Qxf6 Be7 20. Bg6+ Nxg6 21. Qf7+ Kh8 22. Qxe8+ 1-0

[Event "Regionalliga NW 0203"]
[Site "Bayern"]
[Date "2003.03.30"]
[Round "9.4"]
[White "Oechslein, Rainer"]
[Black "Deml, Tilo"]
[Result "1-0"]
[WhiteElo "2179"]
[BlackElo "2080"]
[PlyCount "81"]
[EventDate "2002.10.20"]
[EventType "team-tourn"]
[EventRounds "9"]
[EventCountry "GER"]
[SourceTitle "EXT 2004"]
[Source "ChessBase"]
[SourceDate "2003.11.25"]
[SourceVersion "1"]
[SourceVersionDate "2003.11.25"]
[SourceQuality "1"]
[WhiteTeam "Schweinfurt"]
[BlackTeam "Marktleuthen"]
[WhiteTeamCountry "GER"]
[BlackTeamCountry "GER"]

1. e4 c5 2. Nf3 a6 3. c4 Nc6 4. d4 cxd4 5. Nxd4 g6 6. Nc3 Bg7 7. Be3 Nf6 8. Be2 d6 9. 0-0 0-0 10. Qd2 Bd7 11. Rfd1 Rc8 12. Rac1 Ne5 13. b3 Neg4 14. Bg5 h6 15. Bh4 g5 16. Bg3 Nh5 17. Bxg4 Bxg4 18. f3 Bd7 19. Bf2 Nf4 20. Be3 f5 21. Nxf5 Bxf5 22. exf5 Rxf5 23. Re1 Qd7 24. Bxf4 Bxc3 25. Rxc3 gxf4 26. Re4 Rcf8 27. Rd3 Qc7 28. Rd5 Qb6+ 29. Kf1 R5f6 30. Rxe7 R8f7 31. Qe2 Qb4 32. Rxf7 Kxf7 33. Qd3 Re6 34. Qd2 Qb6 35. Qxf4+ Ke7 36. Qh4+ Kd7 37. c5 Qc6 38. Qc4 Ke8 39. cxd6 Qb6 40. d7+ Kf7 41. Re5 1-0

[Event "Regionalliga NW 0001"]
[Site "Bayern"]
[Date "2001.03.11"]
[Round "7"]
[White "Basel, Matthias"]
[Black "Deml, Tilo"]
[Result "0-1"]
[WhiteElo "2000"]
[BlackElo "1990"]
[PlyCount "64"]
[EventDate "2000.10.15"]
[EventType "team-tourn"]
[EventRounds "9"]
[EventCountry "GER"]
[SourceTitle "EXT 2020"]
[Source "ChessBase"]
[SourceDate "2019.10.17"]
[SourceVersion "1"]
[SourceVersionDate "2019.10.17"]
[SourceQuality "1"]
[WhiteTeam "Kitzingen SC"]
[BlackTeam "Marktleuthen"]
[WhiteTeamCountry "GER"]
[BlackTeamCountry "GER"]

1. d4 Nf6 2. Nf3 g6 3. c4 Bg7 4. Nc3 0-0 5. e4 d6 6. Be2 e5 7. d5 a5 8. Nd2 Nbd7 9. h4 h6 10. f3 Nh7 11. Nf1 f5 12. exf5 gxf5 13. Ng3 Qe8 14. Nb5 Qg6 15. Kf2 Nc5 16. Nxc7 Rb8 17. Bd2 e4 18. Bc3 e3+ 19. Kxe3 f4+ 20. Kd2 Bxc3+ 21. Kxc3 fxg3 22. Qd4 Rf7 23. Nb5 Bd7 24. Rae1 Rbf8 25. Bd1 Rf4 26. Qd2 Bxb5 27. cxb5 Rb4 28. b3 Rc8 29. Kb2 Nd3+ 30. Ka3 Nxe1 31. Rxe1 Rxb5 32. Re6 Qb1 0-1

[Event "Schachschule Erlangen op"]
[Site "Erlangen"]
[Date "1997.??.??"]
[Round "5"]
[White "Deml, Tilo"]
[Black "Volkert, Jan"]
[Result "1-0"]
[WhiteElo "2000"]
[BlackElo "908"]
[PlyCount "103"]
[EventDate "1997.10.31"]
[EventType "swiss"]
[EventRounds "5"]
[EventCountry "GER"]
[SourceTitle "EXT 1999"]
[Source "ChessBase"]
[SourceDate "1998.11.16"]
[SourceVersion "1"]
[SourceVersionDate "1998.11.16"]
[SourceQuality "1"]

1. d4 d5 2. c4 e6 3. Nc3 Nf6 4. Nf3 Nc6 5. e3 Bb4 6. Bd2 0-0 7. Qc2 Bd7 8. cxd5 exd5 9. Bd3 Bg4 10. h3 Bxf3 11. gxf3 Re8 12. 0-0-0 g6 13. a3 Bf8 14. Rdg1 Bg7 15. Rg2 Qd7 16. f4 Rad8 17. f5 Ne7 18. Rhg1 Nh5 19. f4 Nxf5 20. Bxf5 Qxf5 21. Qxf5 gxf5 22. Rg5 Nf6 23. Rxg7+ Kf8 24. Nb5 a6 25. Bb4+ Re7 26. Nc3 b6 27. Bxe7+ Kxe7 28. Kd2 Ke6 29. Kd3 Rd6 30. Rc1 Rc6 31. Ne2 Rxc1 32. Nxc1 h5 33. Ke2 Ne4 34. Nd3 Kf6 35. Rg8 Nd6 36. b3 a5 37. Ne5 Ke6 38. Rh8 f6 39. Nd3 Kd7 40. Rxh5 Kc6 41. h4 Kd7 42. Rh7+ Kd8 43. h5 Ke8 44. a4 Ne4 45. h6 Kf8 46. Rxc7 Kg8 47. h7+ Kh8 48. Ne1 Ng3+ 49. Kd1 Nh5 50. Nf3 Ng7 51. Nh4 Ne6 52. Ng6# 1-0

[Event "Schachschule Erlangen op"]
[Site "Erlangen"]
[Date "1997.??.??"]
[Round "1"]
[White "Deml, Tilo"]
[Black "Warkentin, Andrej"]
[Result "1-0"]
[WhiteElo "2000"]
[BlackElo "1600"]
[PlyCount "41"]
[EventDate "1997.10.31"]
[EventType "swiss"]
[EventRounds "5"]
[EventCountry "GER"]
[SourceTitle "EXT 1999"]
[Source "ChessBase"]
[SourceDate "1998.11.16"]
[SourceVersion "1"]
[SourceVersionDate "1998.11.16"]
[SourceQuality "1"]

1. e4 e5 2. Nf3 Nc6 3. d4 exd4 4. Nxd4 Bc5 5. Be3 Qe7 6. Nc3 Nf6 7. Nf5 Qe5 8. f4 Qxf5 9. exf5 Bxe3 10. Qf3 Bb6 11. 0-0-0 d6 12. Bb5 Bd7 13. Rhe1+ Kd8 14. g4 h6 15. g5 hxg5 16. fxg5 Nh7 17. h4 a6 18. Bxc6 Bxc6 19. Qh5 Be8 20. Rxe8+ Kxe8 21. g6 1-0